Status Zagrożeń PCKZ - Statystyki

Ogólne statystyki
  • Ten quiz został rozwiązany 6 razy
  • Średni wynik to 5 z 8
Statystyki odpowiedzi
Pol PCKZ % Poprawnych
Najmniejszej Troski LC
100%
Wymarły EX
80%
Zagrożony Wyginięciem EN
80%
Narażony Na Wyginięcie VU
60%
Krytycznie Zagrożony Wyginięciem CR
60%
Bliski Zagrożenia NT
40%
Zanikły EXP
20%
Niższego Ryzyka LR
20%
Nie znaleziono quizów pasujących do podanych kryteriów
Rozkład punktacji
Procent ludzi z każdym wynikiem
Percentyl według liczby udzielonych odpowiedzi
Twoja historia wyników
Nie rozwiązałeś tego quizu